000 00705nam a2200193Ia 4500
003 GCL
005 20240530095422.0
008 140319s9999 xx 000 0 ara d
040 _aGCL /
_cGCL
082 0 4 _a614.44
_bهـ أ
245 1 0 _aابحاث فى العدوى والطب الوقائى
260 _aالرياض :
_bرابطة العالم الاسلامى ،
_c1987
300 _a83 ص ؛
_c24 سمم
650 0 4 _aالعدوى والامراض المعدية
650 0 4 _aالصحة الوقائية
650 0 4 _aالعدوى والامراض المعدية - الجوانب المناعية
650 0 4 _aالعدوى والامراض المعدية - الوقاية
942 _2ddc
_cBK
999 _c7073
_d7073